Journal of political economy

Salvato in:
Dettagli Bibliografici
Natura: Periodico
Lingua:inglese
Pubblicazione: Chicago <The> University of Chicago 2002
Soggetti:
Tags: Aggiungi Tag
Nessun Tag, puoi essere il primo ad aggiungerne!!

MARC

LEADER 00000nas2a22000001 4500
001 0039294
005 20230622070659.0
022 |a 0022-3808 
041 0 |a eng 
044 |a US 
245 1 0 |a Journal of political economy 
264 1 |a Chicago  |b <The> University of Chicago  |c 2002 
773 0 |w eu_un_cat*s120144 
610 2 0 |a ekonómia politická